000
00313nam a22001337a 4500
008
170613b xxu||||| |||| 00| 0 eng d
020
_a
9780802065421
041
_a
eng
080
_a
94
100
_a
17
101
_a
SHH
245
_a
THE INDEPEDENCE MOVEMENTIN QUEBEC 1945-1980
_c
COLEMAN,W.D
942
_2
udc
_c
BK
999
_c
17177
_d
17177